Popes: Over/Under Quiz Stats

 Plays Quiz Updated Jan 20, 2017

Also try: Pope or Nope?
Challenge
Share
Tweet
Embed
Score 0/16 Timer 02:00
0 Plays Today
Question and Number Over or Under? % Correct
French Popes: 50???
78.7%
Popes who have not served until death (including Pope Benedict XVI): 15???
75.4%
Shortest Tenure of Pope (Days): 30???
72.6%
Oldest Age of Pope at Election: 75???
71.9%
Oldest Age of Pope at Death: 95???
68.5%
Shortest Papal Conclave (Days): 3???
65.8%
Greek Popes: 26???
64.2%
Number of Years since a Pope Resigned: 280???
61.2%
Question and Number Over or Under? % Correct
Number of Scrutineers (ballot-counters): 5???
60.9%
Longest Tenure as Pope (Years): 28???
60.8%
German Popes: 10???
60.2%
Days of Official Mourning Period Following Death of a Pope: 14???
57.5%
Maximum number of Elector cardinals: 100???
56.1%
Italian Popes: 150???
53.4%
Longest Papal Conclave: 2 years, 2 months???
50.9%
African Popes: 1???
43.2%

You're not logged in!

Compare scores with friends on all Sporcle quizzes.
Join for Free
OR
Log In

You Might Also Like...

Show Comments

Extras

Top Quizzes Today


Score Distribution

Your Account Isn't Verified!

In order to create a playlist on Sporcle, you need to verify the email address you used during registration. Go to your Sporcle Settings to finish the process.

Report this User

Report this user for behavior that violates our Community Guidelines.

Details: